000 00294nam a2200121Ia 4500
008 210430s9999 xx 000 0 und d
020 _a3766-3767-3768
082 _a297.01 I821 I
100 _aA.S. Bukhari
245 _aIslamic Education
_cA.S. Bukhari
300 _a495p.
942 _cBK
_2ddc
999 _c564551
_d564551